Henry Boot Homes Ltd v Bassetlaw DC (Record no. 71867)
[ view plain ]
| 000 -LEADER | |
|---|---|
| fixed length control field | 02333cam a2200241 4500 |
| 001 - CONTROL NUMBER | |
| control field | ABS66279 |
| 008 - FIXED-LENGTH DATA ELEMENTS--GENERAL INFORMATION | |
| fixed length control field | 030103n2002 000 0 eng u |
| 035 ## - SYSTEM CONTROL NUMBER | |
| System control number | (Sirsi) u120902 |
| 245 ## - TITLE STATEMENT | |
| Title | Henry Boot Homes Ltd v Bassetlaw DC |
| 260 ## - PUBLICATION, DISTRIBUTION, ETC. | |
| Date of publication, distribution, etc. | 2002 |
| 490 ## - SERIES STATEMENT | |
| Series statement | Estates Gazette |
| Volume/sequential designation | [2002] 50 EG 112(CS) |
| 490 ## - SERIES STATEMENT | |
| Series statement | Property, Planning and Compensation Reports |
| Volume/sequential designation | [2003] 1 P&CR 372-392(23) |
| 520 ## - SUMMARY, ETC. | |
| Summary, etc. | [2002] EWCA Civ 983, 28 November 2002. In 1994 Respondent Council (B) granted outline planning permission for residential development of a site which appellant developer (H) purchased in 1995. H successfully applied under the Town and Country Planning Act 1990 s73 to amend various conditions contained in the original planning permission. The application took effect as a new planning permission which commenced in 1995 subject to certain time limits and contained a number of conditions precedent. H failed to comply with the conditions precedent. In 2000, B informed H that any further work on the site would be a breach of planning control since the planning permission had lapsed. H sought a declaration that the outline planning permission had been validated by the work commended prior to the expiry date. H appealed against HC decision. CA declared that comprehensive code of planning control did not give H power to informally wave the need for compliance with a condition. It was not within H's authority to authorise or waiver conditions except in exceptional circumstances which were not fulfilled in this instance. As the works carried out by H were in breach of various conditions precedent they did not amount to a valid commencement of the development under the outline planning permission. As the development as authorised by the planning permission was not started within the time frame, the outline planning permission was deemed to have lapsed. Appeal dismissed. View judgment at www.courtservice.gov.uk. |
| 590 ## - LOCAL NOTE (RLIN) | |
| Local note | ABS |
| 650 ## - SUBJECT ADDED ENTRY--TOPICAL TERM | |
| Topical term or geographic name entry element | HENRY BOOT HOMES LTD V BASSETLAW DC |
| 650 ## - SUBJECT ADDED ENTRY--TOPICAL TERM | |
| Topical term or geographic name entry element | OUTLINE PLANNING PERMISSION |
| 650 ## - SUBJECT ADDED ENTRY--TOPICAL TERM | |
| Topical term or geographic name entry element | CONDITIONS PRECEDENT |
| 650 ## - SUBJECT ADDED ENTRY--TOPICAL TERM | |
| Topical term or geographic name entry element | TOWN AND COUNTRY PLANNING ACT 1990 S73 |
| 650 ## - SUBJECT ADDED ENTRY--TOPICAL TERM | |
| Topical term or geographic name entry element | TIME LIMITS |
| 690 ## - LOCAL SUBJECT ADDED ENTRY--TOPICAL TERM (OCLC, RLIN) | |
| Topical term or geographic name as entry element | PLANNING LAW AND PRACTICE-CASE LAW |
| 856 ## - ELECTRONIC LOCATION AND ACCESS | |
| Uniform Resource Identifier | <a href="htttp://www.courtservice.gov.uk/View.do?id=1401">htttp://www.courtservice.gov.uk/View.do?id=1401</a> |
| Public note | View judgment on the Court Service website... |
| 942 ## - ADDED ENTRY ELEMENTS (KOHA) | |
| Suppress in OPAC | 0 |
| Withdrawn status | Lost status | Source of classification or shelving scheme | Damaged status | Not for loan | Home library | Current library | Shelving location | Date acquired | Total Checkouts | Full call number | Barcode | Date last seen | Copy number | Price effective from | Koha item type |
|---|---|---|---|---|---|---|---|---|---|---|---|---|---|---|---|
| Dewey Decimal Classification | London | London | Journal article | 03/01/2003 | ABS66279 | 120902-1001 | 06/08/2019 | 1 | 06/08/2019 | Law report |